[Event "VIII Festival Hotel Petra A"]
[Site "Roma ITA"]
[Date "2007.10.29"]
[Round "1"]
[White "Barlocco, Carlo"]
[Black "Vuelban, Virgilio"]
[Result "0-1"]
[WhiteElo "2134"]
[BlackElo "2399"]
[PlyCount "46"]
[EventDate "2007.10.29"]

1. d4 Nf6 2. Nf3 g6 3. c4 Bg7 4. Nc3 d6 5. Bf4 O-O 6. e3 c6 7. Be2 a6 8. a4 a5
9. O-O Na6 10. Ne1 Nd7 11. Bg3 f5 12. Bh4 Qe8 13. f3 e5 14. Nc2 Nb4 15. Bf2 Qe7
16. Na2 Nxc2 17. Qxc2 f4 18. dxe5 fxe3 19. Bxe3 Qxe5 20. Bc1 Nc5 21. Nc3 Bf5
22. Qd1 Rae8 23. Re1 Nd3 0-1

[Event "VIII Festival Hotel Petra A"]
[Site "Roma ITA"]
[Date "2007.10.29"]
[Round "1"]
[White "Bove, Alessandro"]
[Black "Burmakin, Vladimir"]
[Result "0-1"]
[WhiteElo "2195"]
[BlackElo "2593"]
[PlyCount "66"]
[EventDate "2007.10.29"]

1. d4 d5 2. Nf3 c6 3. g3 Bf5 4. Bg2 e6 5. O-O h6 6. c4 Nf6 7. Qb3 Qb6 8. Nc3
Nbd7 9. c5 Qxb3 10. axb3 a6 11. b4 Rc8 12. Ne5 g5 13. Re1 Bg7 14. f4 gxf4 15.
Bxf4 O-O 16. Rad1 Rcd8 17. e4 Bxe4 18. Bxe4 Nxe4 19. Nxe4 dxe4 20. Nc4 f5 21.
g4 Nf6 22. gxf5 exf5 23. Bd6 Rfe8 24. Ne3 Rxd6 25. cxd6 f4 26. Nf5 Bf8 27. Rc1
Kf7 28. Rc5 Nd7 29. Rf1 f3 30. Re1 Re6 31. Kf2 Nf6 32. h3 Bxd6 33. Rcc1 Bxb4
0-1

[Event "VIII Festival Hotel Petra A"]
[Site "Roma ITA"]
[Date "2007.10.29"]
[Round "1"]
[White "Caprio, Guido"]
[Black "Calavalle, Giulio"]
[Result "0-1"]
[WhiteElo "2071"]
[BlackElo "2238"]
[PlyCount "70"]
[EventDate "2007.10.29"]

1. e4 c5 2. Nf3 Nc6 3. d4 cxd4 4. Nxd4 e5 5. Nb5 a6 6. Nd6+ Bxd6 7. Qxd6 Qf6 8.
Qxf6 Nxf6 9. Nc3 d5 10. exd5 Nb4 11. Bd3 Nxd3+ 12. cxd3 Bf5 13. O-O O-O-O 14.
Bg5 Bxd3 15. Rfe1 Rhe8 16. Rad1 Bf5 17. f3 Rd6 18. Ne4 Nxe4 19. fxe4 Rg6 20.
Bh4 Rg4 21. exf5 Rxh4 22. g3 Rc4 23. Kf2 Rc2+ 24. Re2 Rxe2+ 25. Kxe2 Kd7 26.
Rc1 Rc8 27. Rxc8 Kxc8 28. Kd3 Kd7 29. Ke4 Kd6 30. b4 f6 31. g4 h6 32. h3 a5 33.
a3 a4 34. h4 b6 35. h5 b5 0-1

[Event "VIII Festival Hotel Petra A"]
[Site "Roma ITA"]
[Date "2007.10.29"]
[Round "1"]
[White "Castelfranchi, Carlo"]
[Black "Isonzo, David"]
[Result "0-1"]
[WhiteElo "2083"]
[BlackElo "2339"]
[PlyCount "50"]
[EventDate "2007.10.29"]

1. e4 c5 2. Nf3 d6 3. d4 cxd4 4. Nxd4 Nf6 5. Nc3 a6 6. Bg5 e6 7. f4 Nbd7 8. Bc4
b5 9. Bb3 b4 10. Na4 Bb7 11. O-O Qc7 12. e5 dxe5 13. fxe5 Qxe5 14. Nf3 Qc7 15.
Qd4 Rd8 16. Rae1 Be7 17. Qh4 Qa5 18. c3 h6 19. cxb4 Qxb4 20. Bxf6 Nxf6 21. Qg3
O-O 22. Nc3 Nh5 23. Qe5 Nf4 24. a3 Qb6+ 25. Kh1 Nd3 0-1

[Event "VIII Festival Hotel Petra A"]
[Site "Roma ITA"]
[Date "2007.10.29"]
[Round "1"]
[White "Corvi, Marco"]
[Black "Guidi, Maurizio"]
[Result "1-0"]
[WhiteElo "2336"]
[BlackElo "2078"]
[PlyCount "87"]
[EventDate "2007.10.29"]

1. c4 f5 2. Nf3 Nf6 3. Nc3 g6 4. d4 Bg7 5. g3 O-O 6. Bg2 d6 7. O-O Na6 8. Re1
c5 9. Rb1 Kh8 10. b3 Rb8 11. Bb2 Be6 12. d5 Bg8 13. e4 fxe4 14. Ng5 Nc7 15. Qe2
b5 16. cxb5 Ncxd5 17. Nxd5 Nxd5 18. Bxg7+ Kxg7 19. Bxe4 e5 20. Bxd5 Qxg5 21.
Rbd1 Qf6 22. Bxg8 Kxg8 23. Rd2 Rbd8 24. a4 Kg7 25. Red1 Rf7 26. Qe3 Qe6 27. f4
e4 28. Qc3+ Kg8 29. Qc4 Qf6 30. Qxe4 Re7 31. Qc4+ Kf8 32. b4 cxb4 33. Qxb4 Qe6
34. Qd4 Kg8 35. Qd5 Kf7 36. Kf2 Qxd5 37. Rxd5 Re4 38. Rxd6 Rxd6 39. Rxd6 Rxa4
40. Ra6 Rb4 41. Rxa7+ Kf6 42. Rxh7 Rxb5 43. Kf3 Rb2 44. Kg4 1-0

[Event "VIII Festival Hotel Petra A"]
[Site "Roma ITA"]
[Date "2007.10.29"]
[Round "1"]
[White "Di Lascio, Savino"]
[Black "Sbarra, Marco"]
[Result "0-1"]
[WhiteElo "2004"]
[BlackElo "2220"]
[PlyCount "104"]
[EventDate "2007.10.29"]

1. Nf3 d5 2. g3 c5 3. Bg2 Nc6 4. d3 e5 5. O-O Nf6 6. e4 d4 7. h3 Be7 8. Nh2 h5
9. Bg5 Ng8 10. Bxe7 Qxe7 11. Nd2 h4 12. g4 g5 13. a4 Be6 14. b3 f6 15. Nc4 Kf7
16. Qe1 Qc7 17. a5 Nge7 18. Na3 Qxa5 19. Qxa5 Nxa5 20. Nb5 b6 21. Nd6+ Kg6 22.
f4 gxf4 23. Nf3 Nec6 24. Kh2 Nb4 25. Rf2 Nac6 26. Rg1 Rad8 27. Nf5 Bxf5 28.
exf5+ Kf7 29. g5 Rdg8 30. g6+ Kg7 31. Ne1 Ne7 32. Be4 Nbd5 33. Bxd5 Nxd5 34.
Nf3 Ne3 35. Ra1 a5 36. Re2 Rh5 37. Ra2 Rgh8 38. Nd2 Rxf5 39. Nc4 Rg5 40. Rf2
Rb8 41. Ra1 Kxg6 42. Nd6 Rg3 43. Ne4 f5 44. Nd6 Kf6 45. Re1 Rbg8 46. Ree2 Rg1
47. Nc4 Rc1 48. Nxb6 Rgg1 49. Rxe3 Rh1+ 50. Kg2 Rcg1+ 51. Kf3 fxe3 52. Nd7+ Ke7
0-1

[Event "VIII Festival Hotel Petra A"]
[Site "Roma ITA"]
[Date "2007.10.29"]
[Round "1"]
[White "Gerardi, Saverio"]
[Black "Horvath, Csaba"]
[Result "1/2-1/2"]
[WhiteElo "2156"]
[BlackElo "2536"]
[PlyCount "33"]
[EventDate "2007.10.29"]

1. e4 c5 2. Nf3 e6 3. d4 cxd4 4. Nxd4 a6 5. Nc3 Qc7 6. Be3 Nf6 7. f3 Bb4 8. Qd3
d5 9. Bd2 dxe4 10. Nxe4 Bxd2+ 11. Qxd2 Nxe4 12. fxe4 b6 13. O-O-O Bb7 14. Bb5+
Nc6 15. Bxc6+ Bxc6 16. Nxc6 Qxc6 17. Qd6 1/2-1/2

[Event "VIII Festival Hotel Petra A"]
[Site "Roma ITA"]
[Date "2007.10.29"]
[Round "1"]
[White "Korneev, Oleg"]
[Black "Ferri, Stefano"]
[Result "1-0"]
[WhiteElo "2587"]
[BlackElo "2178"]
[PlyCount "65"]
[EventDate "2007.10.29"]

1. e4 c6 2. d4 d5 3. e5 Bf5 4. Nc3 Qb6 5. Nf3 e6 6. Bd3 Bg4 7. Be2 Bb4 8. O-O
Nd7 9. Ng5 Bxe2 10. Nxe2 h6 11. Nh3 O-O-O 12. Nhf4 g5 13. Nd3 Be7 14. b3 f6 15.
f4 h5 16. a4 g4 17. a5 Qc7 18. c4 dxc4 19. bxc4 Nh6 20. d5 fxe5 21. fxe5 Nxe5
22. Nxe5 Qxe5 23. Bf4 Bc5+ 24. Kh1 Qg7 25. a6 exd5 26. axb7+ Qxb7 27. Rb1 Bb4
28. cxd5 Rxd5 29. Qc1 Rc5 30. Qb2 Nf7 31. Bd6 Nxd6 32. Qxh8+ Kc7 33. Qg7+ 1-0

[Event "VIII Festival Hotel Petra A"]
[Site "Roma ITA"]
[Date "2007.10.29"]
[Round "1"]
[White "Lava, Giovanni"]
[Black "Marotta, Michele"]
[Result "1-0"]
[WhiteElo "2221"]
[BlackElo "2012"]
[PlyCount "51"]
[EventDate "2007.10.29"]

1. d4 Nf6 2. Nf3 d5 3. c4 c6 4. Nc3 e6 5. e3 Nbd7 6. Qc2 Bd6 7. Be2 dxc4 8.
Bxc4 e5 9. O-O O-O 10. h3 Qe7 11. Ng5 h6 12. Nge4 Bc7 13. Bb3 Nxe4 14. Nxe4 Nb6
15. Nc5 Qh4 16. dxe5 Bxe5 17. Bd2 Nd7 18. Nd3 Bf6 19. Nf4 Ne5 20. Bc3 Re8 21.
Ng6 Nf3+ 22. gxf3 Qxh3 23. Bxf6 gxf6 24. Nf4 Qh4 25. Qg6+ Kh8 26. Bxf7 1-0

[Event "VIII Festival Hotel Petra A"]
[Site "Roma ITA"]
[Date "2007.10.29"]
[Round "1"]
[White "Lazic, Miroljub"]
[Black "Colombo, Paolo"]
[Result "1-0"]
[WhiteElo "2492"]
[BlackElo "2147"]
[PlyCount "71"]
[EventDate "2007.10.29"]

1. e4 d6 2. d4 Nf6 3. Nc3 c6 4. a4 Qc7 5. g3 e5 6. Nge2 Bg4 7. Bg2 Nbd7 8. Be3
Be7 9. h3 Bxe2 10. Qxe2 O-O 11. O-O Rfe8 12. Qc4 Rac8 13. a5 Qb8 14. Qb3 Nf8
15. f4 exd4 16. Bxd4 Ne6 17. Bf2 Nd7 18. Na4 Ndc5 19. Nxc5 Nxc5 20. Bxc5 dxc5
21. e5 Qc7 22. Rad1 Rcd8 23. a6 b5 24. e6 c4 25. exf7+ Kxf7 26. Qf3 Rc8 27. Qg4
Qb6+ 28. Kh2 Bf6 29. Qf5 Rcd8 30. Qxh7 Rxd1 31. Rxd1 Qf2 32. Rd7+ Ke6 33. Rc7
Re7 34. Rxc6+ Kf7 35. Qh5+ g6 36. Qh7+ 1-0

[Event "VIII Festival Hotel Petra A"]
[Site "Roma ITA"]
[Date "2007.10.29"]
[Round "1"]
[White "Llopis De Aysa, Manuel"]
[Black "Palermo, Stefano"]
[Result "0-1"]
[WhiteElo "2230"]
[BlackElo "2071"]
[PlyCount "70"]
[EventDate "2007.10.29"]

1. d4 Nf6 2. Bg5 d5 3. e3 e6 4. Bd3 Be7 5. Nf3 Nbd7 6. Nbd2 O-O 7. c3 c5 8. Ne5
Nxe5 9. dxe5 Nd7 10. Bf4 f6 11. Qh5 g6 12. Bxg6 hxg6 13. Qxg6+ Kh8 14. Qh5+ Kg8
15. Qg6+ Kh8 16. Qh5+ Kg8 17. Bh6 Nxe5 18. Bxf8 Qxf8 19. O-O Qf7 20. Qe2 Bd7
21. f4 Ng6 22. Rf3 Kg7 23. Rg3 Rh8 24. Rf1 Kf8 25. Qd3 Rh6 26. e4 c4 27. Qe2
Bc5+ 28. Kh1 Qh7 29. h3 Rh4 30. Rg4 Rxh3+ 31. gxh3 Qxh3+ 32. Qh2 Qxg4 33. exd5
exd5 34. Qh6+ Kg8 35. Nf3 Nxf4 0-1

[Event "VIII Festival Hotel Petra A"]
[Site "Roma ITA"]
[Date "2007.10.29"]
[Round "1"]
[White "Pienabarca, Nicola"]
[Black "Passerotti, Pierluigi"]
[Result "0-1"]
[WhiteElo "2075"]
[BlackElo "2320"]
[PlyCount "94"]
[EventDate "2007.10.29"]

1. d4 f5 2. g3 Nf6 3. Bg2 d6 4. c4 e5 5. dxe5 dxe5 6. Qxd8+ Kxd8 7. Bg5 c6 8.
Nc3 Be6 9. e4 Nbd7 10. b3 Bb4 11. Nge2 fxe4 12. O-O Kc7 13. Nxe4 Nxe4 14. Bxe4
h6 15. Be3 Nf6 16. Bg2 Ng4 17. Bc1 Rhf8 18. Bb2 Rad8 19. Bc3 Bc5 20. Bh3 Rxf2
21. Rxf2 Bxf2+ 22. Kg2 Bd4 23. Nxd4 exd4 24. Bxg4 Bxg4 25. Bd2 Be2 26. c5 Rd5
27. b4 b6 28. Rc1 Rf5 29. Bf4+ Kb7 30. h4 g5 31. hxg5 hxg5 32. Bd2 Ka6 33. Re1
Bf3+ 34. Kf2 bxc5 35. bxc5 Kb5 36. Re7 Bd5+ 37. Ke2 Bc4+ 38. Kd1 Bxa2 39. Rxa7
Rf1+ 40. Kc2 Bb1+ 41. Kb2 g4 42. Rg7 Bf5 43. Bf4 Rf2+ 44. Kc1 Rc2+ 45. Kd1 Rxc5
46. Rb7+ Kc4 47. Kd2 Kd5 0-1

[Event "VIII Festival Hotel Petra A"]
[Site "Roma ITA"]
[Date "2007.10.29"]
[Round "1"]
[White "Quimi, Marco"]
[Black "Marta, Daniele"]
[Result "1/2-1/2"]
[WhiteElo "2270"]
[BlackElo "2073"]
[PlyCount "118"]
[EventDate "2007.10.29"]

1. e4 e6 2. d4 d5 3. e5 c5 4. c3 Qb6 5. Nf3 Bd7 6. a3 Bb5 7. b4 cxd4 8. Bxb5+
Qxb5 9. cxd4 Nd7 10. Nc3 Qc4 11. Bb2 a5 12. Qa4 Qa6 13. b5 Qa7 14. b6 Qxb6 15.
Nb5 Rc8 16. Bc3 Rc4 17. Qxa5 Qxa5 18. Bxa5 f6 19. O-O b6 20. Bb4 Nh6 21. exf6
gxf6 22. Rfe1 Bxb4 23. axb4 Ke7 24. Na7 Nf5 25. b5 Nb8 26. Rec1 Nd6 27. Kf1 Rg8
28. Nd2 Rxc1+ 29. Rxc1 Kd7 30. g3 Nf5 31. Nf3 Nd6 32. Ne1 Nc4 33. Nd3 Rg7 34.
Nb4 Kd6 35. Ra1 Na5 36. Nc8+ Kc7 37. Rc1+ Nc4 38. Na7 Kd6 39. Nac6 Nxc6 40.
Nxc6 Na3 41. Nb4 Rc7 42. Rc6+ Rxc6 43. bxc6 Nb5 44. Nc2 Kxc6 45. f4 Kd6 46. Ke2
Nc3+ 47. Kd3 Ne4 48. Nb4 Ke7 49. f5 Kd6 50. fxe6 Kxe6 51. Ke3 Nc3 52. g4 h6 53.
Nd3 Kf7 54. Nf4 b5 55. Kd3 b4 56. Kc2 f5 57. Kb3 fxg4 58. Kxb4 Ne4 59. Nxd5 g3
1/2-1/2

[Event "VIII Festival Hotel Petra A"]
[Site "Roma ITA"]
[Date "2007.10.29"]
[Round "1"]
[White "Rossi, Aldo A."]
[Black "Bellincampi, Stefano"]
[Result "1-0"]
[WhiteElo "2204"]
[BlackElo "2003"]
[PlyCount "115"]
[EventDate "2007.10.29"]

1. d4 Nf6 2. Bf4 e6 3. e3 b6 4. Nf3 Bb7 5. Bd3 Be7 6. h3 O-O 7. O-O c5 8. c3
Nc6 9. a3 d6 10. Qe2 Re8 11. e4 Nh5 12. Bh2 g6 13. Nbd2 cxd4 14. cxd4 Rc8 15.
Rac1 Bf8 16. g4 Ng7 17. b4 Rc7 18. Nb3 Qe7 19. b5 Nb8 20. Rxc7 Qxc7 21. Rc1 Qd7
22. Nbd2 Rc8 23. Rc4 Ne8 24. Bf4 Rxc4 25. Nxc4 Qc7 26. g5 Nd7 27. Kg2 Qc8 28.
a4 Qa8 29. a5 Qd8 30. a6 Ba8 31. Qc2 Qc8 32. h4 d5 33. exd5 Bxd5 34. Ne3 Qxc2
35. Bxc2 Ba8 36. Nc4 Bg7 37. Kg3 Bxf3 38. Kxf3 Bxd4 39. Be4 e5 40. Bg3 Kf8 41.
Bc6 Ke7 42. Bxd7 Kxd7 43. Bxe5 Bc5 44. Bb8 f6 45. gxf6 Nxf6 46. Ne5+ Kc8 47.
Nc6 Ne8 48. Be5 Bd6 49. Nxa7+ Kc7 50. Ke4 Bxe5 51. Kxe5 Nd6 52. f3 Nf5 53. h5
Nh4 54. hxg6 hxg6 55. Kf4 Nf5 56. Nc6 Nd6 57. Nd4 Nf7 58. Ke4 1-0

[Event "VIII Festival Hotel Petra A"]
[Site "Roma ITA"]
[Date "2007.10.29"]
[Round "1"]
[White "Salvador, Roland"]
[Black "Parpinel, Marco"]
[Result "1/2-1/2"]
[WhiteElo "2456"]
[BlackElo "2137"]
[PlyCount "56"]
[EventDate "2007.10.29"]

1. d4 Nc6 2. Nf3 d6 3. Bf4 g6 4. d5 Nb8 5. e4 Bg7 6. Nc3 e5 7. Bg5 f6 8. Be3 f5
9. Bb5+ Kf8 10. Bg5 Bf6 11. Qd2 f4 12. h4 h6 13. Bxf6 Qxf6 14. g3 fxg3 15. fxg3
Kg7 16. O-O Qe7 17. h5 gxh5 18. Nh4 Qg5 19. Qd3 Nf6 20. Rf5 Bxf5 21. Nxf5+ Kh7
22. Qf3 a6 23. Be2 Nbd7 24. Kg2 Raf8 25. Rh1 Ng4 26. Nd1 Ndf6 27. Bd3 Rhg8 28.
Qe2 Ne8 1/2-1/2

[Event "VIII Festival Hotel Petra A"]
[Site "Roma ITA"]
[Date "2007.10.29"]
[Round "1"]
[White "Scalcione, Michelangelo"]
[Black "Ciampi, Vincenzo"]
[Result "1-0"]
[WhiteElo "2357"]
[BlackElo "2095"]
[PlyCount "97"]
[EventDate "2007.10.29"]

1. Nf3 c5 2. b3 Nc6 3. Bb2 Nf6 4. e3 g6 5. Nc3 Bg7 6. Ne4 d6 7. Nxf6+ exf6 8.
Be2 O-O 9. O-O d5 10. Ne1 Re8 11. Nd3 b6 12. Nf4 Bh6 13. Bb5 Qd6 14. Qf3 Bxf4
15. Qxf4 Qxf4 16. exf4 Re6 17. f5 gxf5 18. Rfe1 Ne5 19. f4 Bd7 20. Be2 Ng6 21.
Bf3 Rae8 22. Kf2 Rxe1 23. Rxe1 Rxe1 24. Kxe1 Nxf4 25. g3 Ng6 26. Bxd5 Kg7 27.
h3 f4 28. g4 Ne7 29. Be4 Bc6 30. Bd3 Ng6 31. g5 Ne5 32. gxf6+ Kxf6 33. Bxh7 Ke6
34. Bxe5 Kxe5 35. Bd3 Kf6 36. h4 Kg7 37. Kf2 Kh6 38. Be2 Bd5 39. Bf3 Be6 40.
Be2 Bd5 41. c3 a5 42. d4 cxd4 43. cxd4 f6 44. Bf3 Bf7 45. Bc6 Bg6 46. Kf3 Kh5
47. Kxf4 Kxh4 48. d5 Bf7 49. d6 1-0

[Event "VIII Festival Hotel Petra A"]
[Site "Roma ITA"]
[Date "2007.10.29"]
[Round "1"]
[White "Sibilio, Mario"]
[Black "D'Andrea, Stefano"]
[Result "1-0"]
[WhiteElo "2381"]
[BlackElo "2105"]
[PlyCount "80"]
[EventDate "2007.10.29"]

1. d4 Nf6 2. c4 c5 3. d5 e5 4. Nc3 d6 5. h3 Be7 6. e4 h6 7. g3 Nbd7 8. Bd3 O-O
9. Be3 Nh7 10. Qd2 Bg5 11. f4 exf4 12. gxf4 Bh4+ 13. Kd1 f5 14. Nf3 Bf6 15.
exf5 Qa5 16. Nb5 Qb6 17. Rb1 a6 18. Nc3 Qa5 19. Ne4 Qxd2+ 20. Bxd2 Be7 21. b4
Nhf6 22. Re1 Nxe4 23. Rxe4 Rf7 24. a3 Nf6 25. Re6 b6 26. Kc2 cxb4 27. Bxb4 Bxe6
28. fxe6 Rff8 29. Nh4 b5 30. Nf5 Ra7 31. Rg1 Nh5 32. Nxh6+ Kh8 33. Nf7+ Kg8 34.
c5 dxc5 35. Bg6 Nf6 36. d6 Bxd6 37. Nxd6 cxb4 38. Bf7+ Kh8 39. axb4 Rc7+ 40.
Kb3 Rd8 1-0

[Event "VIII Festival Hotel Petra A"]
[Site "Roma ITA"]
[Date "2007.10.29"]
[Round "1"]
[White "Stips, Felix"]
[Black "Lantini, Marco"]
[Result "0-1"]
[WhiteElo "2061"]
[BlackElo "2222"]
[PlyCount "70"]
[EventDate "2007.10.29"]

1. e4 c5 2. Nf3 e6 3. c4 Nc6 4. Nc3 Nd4 5. d3 Ne7 6. Nxd4 cxd4 7. Ne2 Nc6 8.
Bd2 Bc5 9. Nf4 O-O 10. Be2 a5 11. O-O d6 12. Bf3 Ne5 13. Rb1 Bd7 14. Be2 Bc6
15. Qc1 Qe7 16. b3 Rfc8 17. a3 b5 18. b4 Ba7 19. cxb5 Bxb5 20. Qd1 a4 21. Rc1
h6 22. Rxc8+ Rxc8 23. Qb1 Kh7 24. Nh5 Qb7 25. f4 Nc4 26. Bc1 Ne3 27. Re1 Nc2
28. Rd1 Qe7 29. Ng3 Rc3 30. Bb2 Nxa3 31. Qa2 Nc2 32. Bxc3 dxc3+ 33. d4 Nxb4 34.
Qa1 c2 35. Rd2 Qc7 0-1

[Event "VIII Festival Hotel Petra A"]
[Site "Roma ITA"]
[Date "2007.10.29"]
[Round "1"]
[White "Tribuiani, Renato"]
[Black "Piscopo, Pierluigi"]
[Result "0-1"]
[WhiteElo "2096"]
[BlackElo "2365"]
[PlyCount "88"]
[EventDate "2007.10.29"]

1. d4 Nf6 2. Nd2 d6 3. g3 e5 4. c3 Nc6 5. Nb3 Bd7 6. Bg5 h6 7. Bxf6 Qxf6 8. d5
Nb8 9. Bg2 a5 10. Nd2 Na6 11. Ngf3 Qd8 12. h4 Be7 13. Qc2 Nc5 14. Bh3 Bxh3 15.
Rxh3 Qd7 16. Rh1 c6 17. e4 cxd5 18. exd5 b5 19. Nb3 Na4 20. Kf1 Nb6 21. Rd1 Qg4
22. Kg2 O-O 23. Qe2 e4 24. Nfd4 Qxe2 25. Nxe2 Bf6 26. Nbd4 b4 27. Nc6 Na4 28.
cxb4 axb4 29. Nxb4 Rfb8 30. b3 Rxb4 31. bxa4 Rb2 32. Rhe1 Rxa4 33. Nf4 Raxa2
34. Rxe4 Rxf2+ 35. Kh3 g6 36. Nd3 Rh2+ 37. Kg4 Kg7 38. Kf3 Ra3 39. Re2 Rxe2 40.
Kxe2 Ra5 41. Nf4 Be5 42. Kf3 h5 43. Ng2 Ra3+ 44. Ne3 Bxg3 0-1

[Event "VIII Festival Hotel Petra A"]
[Site "Roma ITA"]
[Date "2007.10.29"]
[Round "1"]
[White "Zoldan, Matteo"]
[Black "Hunt, Adam C."]
[Result "1/2-1/2"]
[WhiteElo "2143"]
[BlackElo "2464"]
[PlyCount "53"]
[EventDate "2007.10.29"]

1. e4 c5 2. Nf3 d6 3. d4 cxd4 4. Nxd4 Nf6 5. Nc3 a6 6. f3 e5 7. Nb3 Be6 8. Be3
Be7 9. Qd2 O-O 10. O-O-O a5 11. Bb5 Nc6 12. Kb1 Ne8 13. Qf2 Qb8 14. Qg3 Kh8 15.
f4 Nc7 16. fxe5 Nxe5 17. Nd4 a4 18. Nxe6 fxe6 19. Bxa4 Nc4 20. Bg5 Bxg5 21.
Qxg5 h6 22. Qg3 Ra5 23. h4 Rxa4 24. Nxa4 Qa7 25. Qb3 b5 26. Nc3 Qc5 27. a3
1/2-1/2

[Event "VIII Festival Hotel Petra A"]
[Site "Roma ITA"]
[Date "2007.10.30"]
[Round "2"]
[White "Bellincampi, Stefano"]
[Black "Tribuiani, Renato"]
[Result "1-0"]
[WhiteElo "2003"]
[BlackElo "2096"]
[PlyCount "55"]
[EventDate "2007.10.29"]

1. e4 c6 2. d4 d5 3. Nd2 dxe4 4. Nxe4 g6 5. h3 Bg7 6. Nf3 Nd7 7. Bc4 Ndf6 8.
Neg5 Nd5 9. O-O h6 10. Ne4 Ngf6 11. Nxf6+ Bxf6 12. Re1 g5 13. Ne5 h5 14. Qf3
Be6 15. c3 Qd6 16. b4 g4 17. hxg4 hxg4 18. Qd3 Rh5 19. Bxd5 Bxd5 20. Bf4 Bxg2
21. Kxg2 Bxe5 22. Rxe5 Rxe5 23. Bxe5 Qd5+ 24. Kg1 e6 25. c4 Qd7 26. Bf6 Qd6 27.
Qh7 Qxb4 28. c5 1-0

[Event "VIII Festival Hotel Petra A"]
[Site "Roma ITA"]
[Date "2007.10.30"]
[Round "2"]
[White "Burmakin, Vladimir"]
[Black "Corvi, Marco"]
[Result "1-0"]
[WhiteElo "2593"]
[BlackElo "2336"]
[PlyCount "81"]
[EventDate "2007.10.29"]

1. d4 Nf6 2. Nf3 g6 3. c4 Bg7 4. g3 O-O 5. Bg2 d6 6. O-O Nc6 7. d5 Na5 8. Nfd2
c5 9. a3 b6 10. b4 Nb7 11. Bb2 a5 12. b5 Nd7 13. Bxg7 Kxg7 14. Nc3 Ne5 15. h3
f6 16. f4 Nf7 17. Qc2 Rh8 18. Rae1 Qc7 19. e4 Bd7 20. Qb2 Raf8 21. Nf3 h5 22.
Na4 e5 23. dxe6 Bxe6 24. Qc3 Nfd8 25. e5 dxe5 26. fxe5 f5 27. Ng5 Re8 28. Bd5
h4 29. g4 fxg4 30. hxg4 Bxg4 31. e6+ Kh6 32. Nf7+ Nxf7 33. Rxf7 Qg3+ 34. Qxg3
hxg3 35. Rxb7 Kg5 36. Nc3 Bf5 37. Ne4+ Bxe4 38. Rxe4 Rh2 39. Rf7 Reh8 40. Re5+
Kg4 41. e7 1-0

[Event "VIII Festival Hotel Petra A"]
[Site "Roma ITA"]
[Date "2007.10.30"]
[Round "2"]
[White "Calavalle, Giulio"]
[Black "Lazic, Miroljub"]
[Result "0-1"]
[WhiteElo "2238"]
[BlackElo "2492"]
[PlyCount "122"]
[EventDate "2007.10.29"]

1. e4 e5 2. Nc3 Nf6 3. Bc4 Nc6 4. d3 Na5 5. Nge2 c6 6. Ng3 Nxc4 7. dxc4 d6 8.
Nh5 Nxh5 9. Qxh5 Be7 10. f4 Be6 11. Qe2 exf4 12. Bxf4 Qa5 13. O-O-O O-O-O 14.
Bd2 Bf6 15. a3 Qa6 16. Bf4 Bxc3 17. bxc3 Qxa3+ 18. Kd2 d5 19. exd5 Bxd5 20.
cxd5 Rxd5+ 21. Ke1 Qxc3+ 22. Kf2 Qc5+ 23. Kg3 g5 24. Bc1 Qd6+ 25. Kf2 Rf5+ 26.
Kg1 Qc5+ 27. Be3 Re8 28. Bxc5 Rxe2 29. Bxa7 Kc7 30. Rf1 Rxf1+ 31. Kxf1 Rxc2 32.
Be3 b5 33. Ke1 Rxg2 34. Rf1 Rxh2 35. Rxf7+ Kd6 36. Bxg5 Kd5 37. Rf5+ Ke4 38.
Rf4+ Kd3 39. Rf3+ Kc4 40. Rf4+ Kb3 41. Rf3+ Kc4 42. Rf4+ Kd5 43. Rf5+ Ke4 44.
Rf4+ Ke5 45. Rf6 Rh5 46. Rxc6 Rxg5 47. Rh6 Kd4 48. Rxh7 Kc3 49. Rh3+ Kb2 50.
Rh2+ Kc1 51. Ke2 b4 52. Kd3 Rc5 53. Rh1+ Kb2 54. Rh2+ Ka3 55. Rh8 b3 56. Ra8+
Kb2 57. Rh8 Ka2 58. Ra8+ Kb1 59. Rh8 b2 60. Kd4 Ra5 61. Kc3 Ka1 0-1

[Event "VIII Festival Hotel Petra A"]
[Site "Roma ITA"]
[Date "2007.10.30"]
[Round "2"]
[White "Ciampi, Vincenzo"]
[Black "Di Lascio, Savino"]
[Result "1-0"]
[WhiteElo "2095"]
[BlackElo "2004"]
[PlyCount "51"]
[EventDate "2007.10.29"]

1. e4 c6 2. c4 d5 3. cxd5 cxd5 4. exd5 Nf6 5. Nc3 Nxd5 6. Nf3 Nc6 7. Bb5 Nxc3
8. bxc3 Qd5 9. Qa4 Qe6+ 10. Kd1 Bd7 11. Re1 Qg6 12. Ne5 Qh5+ 13. g4 Qh3 14.
Nxc6 Qf3+ 15. Be2 Qxf2 16. Rf1 Qh4 17. Qf4 Bxc6 18. Qxf7+ Kd8 19. a4 h5 20. d4
hxg4 21. Bf4 Qh7 22. Bg3 Bf3 23. Rxf3 gxf3 24. Qxf3 Qh3 25. Qxb7 Qc8 26. Qd5+
1-0

[Event "VIII Festival Hotel Petra A"]
[Site "Roma ITA"]
[Date "2007.10.30"]
[Round "2"]
[White "Colombo, Paolo"]
[Black "Caprio, Guido"]
[Result "0-1"]
[WhiteElo "2147"]
[BlackElo "2071"]
[PlyCount "62"]
[EventDate "2007.10.29"]

1. d4 Nf6 2. Nf3 g6 3. c4 Bg7 4. Nc3 O-O 5. e4 d6 6. Be2 e5 7. O-O Nc6 8. d5
Ne7 9. Ne1 Nd7 10. Nd3 f5 11. Bd2 Nf6 12. f3 f4 13. g4 g5 14. b4 h5 15. h3 Ng6
16. Qb3 Kf7 17. Kf2 Rh8 18. Rh1 Rh6 19. Rag1 Qh8 20. Qd1 Bd7 21. Nb5 Rc8 22.
Nxa7 Ra8 23. Nb5 Rxa2 24. Nc1 Rxd2 25. Qxd2 hxg4 26. Nxc7 Rxh3 27. Rxh3 Qxh3
28. Ne6 g3+ 29. Ke1 Qh2 30. Rf1 g2 31. Nxg5+ Kg8 0-1

[Event "VIII Festival Hotel Petra A"]
[Site "Roma ITA"]
[Date "2007.10.30"]
[Round "2"]
[White "D'Andrea, Stefano"]
[Black "Stips, Felix"]
[Result "1-0"]
[WhiteElo "2105"]
[BlackElo "2061"]
[PlyCount "113"]
[EventDate "2007.10.29"]

1. e4 c5 2. Nc3 Nc6 3. Bb5 Nd4 4. Bc4 g6 5. Nf3 Bg7 6. Nxd4 cxd4 7. Qf3 e6 8.
Nb5 Qb6 9. Qf4 Nf6 10. Nd6+ Ke7 11. e5 Nh5 12. Qh4+ f6 13. d3 Qa5+ 14. Kd1 Qxe5
15. Nb5 Kf7 16. Re1 Qb8 17. Qxd4 f5 18. Qc5 b6 19. Qd6 Qxd6 20. Nxd6+ Ke7 21.
Nxc8+ Raxc8 22. a4 Nf6 23. Bd2 d5 24. Ba6 Rcd8 25. c3 Kf7 26. f3 Nd7 27. d4 h6
28. g4 Bf6 29. Kc2 h5 30. g5 Be7 31. Bf4 h4 32. h3 Rh5 33. Rg1 Nf8 34. Rg2 Bd6
35. Bxd6 Rxd6 36. Bd3 Nd7 37. f4 Rh8 38. a5 Rc8 39. axb6 axb6 40. Ra7 Kg8 41.
Rg1 Nb8 42. Ra8 Rdd8 43. Bb5 Nc6 44. Rxc8 Rxc8 45. Bxc6 Rxc6 46. Ra1 Rc7 47.
Ra6 Rb7 48. Kb3 Kf7 49. Kb4 e5 50. dxe5 Ke6 51. Ra8 Rc7 52. b3 d4 53. cxd4 Kd5
54. Rd8+ Ke4 55. d5 Kxf4 56. e6 Ke5 57. d6 1-0

[Event "VIII Festival Hotel Petra A"]
[Site "Roma ITA"]
[Date "2007.10.30"]
[Round "2"]
[White "Ferri, Stefano"]
[Black "Pienabarca, Nicola"]
[Result "1-0"]
[WhiteElo "2178"]
[BlackElo "2075"]
[PlyCount "61"]
[EventDate "2007.10.29"]

1. c4 e5 2. Nc3 Nf6 3. g3 d5 4. cxd5 Nxd5 5. Bg2 Nb6 6. Nf3 Nc6 7. O-O Be7 8.
d3 Be6 9. Be3 O-O 10. a3 f6 11. b4 Nd4 12. Bxd4 exd4 13. Nb5 c5 14. bxc5 Bxc5
15. Qc2 Qe7 16. Nbxd4 Rfc8 17. Qd1 Bd7 18. a4 Kh8 19. a5 Nd5 20. Qb3 Ne3 21.
Rfc1 Nxg2 22. Kxg2 Bg4 23. Ra2 Rd8 24. e3 b6 25. h3 Bh5 26. Nc6 Bxf3+ 27. Kxf3
Qb7 28. Rxc5 Rd6 29. axb6 Rxc6 30. Rxa7 Rxa7 31. bxa7 1-0

[Event "VIII Festival Hotel Petra A"]
[Site "Roma ITA"]
[Date "2007.10.30"]
[Round "2"]
[White "Guidi, Maurizio"]
[Black "Bove, Alessandro"]
[Result "1-0"]
[WhiteElo "2078"]
[BlackElo "2195"]
[PlyCount "95"]
[EventDate "2007.10.29"]

1. e4 Nf6 2. Nc3 e5 3. d4 exd4 4. Qxd4 Nc6 5. Qe3 Bb4 6. Bd2 Qe7 7. O-O-O d6 8.
Nd5 Nxd5 9. exd5 Qxe3 10. Bxe3 Ne5 11. h3 O-O 12. Ne2 Ba5 13. Nd4 Bb6 14. f4
Ng6 15. Bb5 Ne7 16. c4 c6 17. dxc6 bxc6 18. Ba4 Ba6 19. Bb3 Rfe8 20. Nc2 Nf5
21. Bxb6 axb6 22. Rhe1 Rxe1 23. Rxe1 c5 24. g4 Nh4 25. Rd1 Rd8 26. Ne3 Ng6 27.
Nd5 b5 28. cxb5 Bxb5 29. f5 Ne5 30. Nc3 Ba6 31. Ne4 c4 32. Bc2 d5 33. Nc5 Bc8
34. b3 c3 35. Na4 d4 36. Nxc3 d3 37. Ne4 Ba6 38. Bb1 Nf3 39. Nd2 Ne5 40. Kb2 f6
41. a4 Bb7 42. Kc3 h5 43. gxh5 Rc8+ 44. Nc4 Bf3 45. Rg1 Kh7 46. Bxd3 Bxh5 47.
a5 Be8 48. Ra1 1-0